Statystyki dla Kraje azjatyckie — wpisz pierwszą literę

Kliknij tutaj aby rozwiązać quiz!

Ogólne statystyki

  • Ten quiz został rozwiązany 229 razy
  • Średni wynik to 19 z 48

Odpowiedzi na mapie

Odpowiedzi skodowane kolorowo w zielono-czerwonej skali na mapie do tego quizu, zgodnie z poniższymi procentami.
 

Statystyki odpowiedzi

kraj% Poprawnych
Chiny
51%
Japonia
47%
Oman
47%
Singapur
46%
Bhutan
44%
Kirgistan
44%
Korea Północna
44%
Korea Południowa
44%
Arabia Saudyjska
43%
Mjanma
43%
Mongolia
43%
Gruzja
42%
Jemen
42%
Pakistan
42%
Zjednoczone Emiraty Arabskie
42%
Indie
41%
Jordania
41%
Laos
41%
Uzbekistan
41%
Irak
39%
Kazachstan
39%
Syria
39%
Brunei
38%
Filipiny
38%
Malezja
38%
Nepal
38%
Tadżykistan
38%
Tajwan
38%
Turcja
38%
Afganistan
37%
Azerbejdżan
37%
Bangladesz
37%
Cypr
37%
Indonezja
37%
Kuwejt
37%
Liban
37%
Wietnam
37%
Armenia
35%
Izrael
35%
Katar
35%
Malediwy
35%
Tajlandia
35%
Turkmenistan
35%
Sri Lanka
34%
Timor-Leste
33%
Bahrajn
32%
Iran
32%
Kambodża
32%

Rozkład punktacji

Percentyl według liczby udzielonych odpowiedzi

Procent ludzi z każdym wynikiem

Twoja historia wyników

Nie rozwiązałeś tego quizu